Statistics for Biggest Cities in France in 1000 AD with a Map

Click here to take the quiz!

General Stats

  • This quiz has been taken 235 times
  • The average score is 17 of 29

Answers on the Map

Answers color-coded by a green-red scale on the quiz's map according to % correct below.
 

Answer Stats

PopulationCities% Correct
15kParis
100%
10kBurdegala
(Bordeaux)
97%
10kTolosa
(Toulouse)
93%
4kNametis
(Nantes)
86%
5kAurelianis
(Orléans)
84%
12kRothomago
(Rouen)
81%
5kBarcinona
(Barcelona)
77%
8kRemis
(Reims)
76%
4kCadon
(Caen)
72%
4kBruggis
(Bruges)
66%
9kTurones
(Tours)
66%
5kGanda
(Ghent)
64%
4kNemauso
(Nîmes)
59%
4kAmbianis
(Amiens)
58%
4kAndegavis
(Angers)
57%
6kNarbona
(Narbonne)
54%
5kPictavis
(Poitiers)
52%
4kCarcassona
(Carcassonne)
50%
4kTreci
(Troyes)
49%
4kCartis
(Chartres)
43%
4kGerunda
(Girona)
43%
6kBetoregas
(Bourges)
39%
8kAtrebatis
(Arras)
35%
4kBellovacum
(Beauvais)
35%
5kAltissiodorum
(Auxerre)
34%
4kAlbi
29%
6kCatalaunum
(Châlons-en-Champagne)
29%
5kTornacum
(Tournai)
29%
5kSenonse
(Sens)
28%

Score Distribution

Percentile by Number Answered

Percent of People with Each Score

Your Score History

You have not taken this quiz